This common inheritance : the second year report : Britain's environmental strategy

Αποθηκεύτηκε σε:
Λεπτομέρειες βιβλιογραφικής εγγραφής
Συγγραφή απο Οργανισμό/Αρχή: Great Britain Department of the Environment
Μορφή: Βιβλίο
Γλώσσα:English
Δημοσίευση: London : HMSO, [1992]
Θέματα:
Ετικέτες: Προσθήκη ετικέτας
Δεν υπάρχουν, Καταχωρήστε ετικέτα πρώτοι!

MARC

LEADER 00000cam a2200000 i 4500
001 1/6411
008 960704s1992 eng d
020 |a 0-10-120682-8 
035 |l 10016344 
040 |a GR-MY-UA  |b gre  |e aacr 
041 0 |a eng 
082 0 |a 363.700941 
245 1 0 |a This common inheritance :  |b the second year report : Britain's environmental strategy /  |c presented to Parliament by the Secretaries of State for the Environment ... [et al.] 
260 |a London :   |b HMSO,   |c [1992] 
300 |a 192 p.;  |b col. ill.;  |c 30 cm 
650 0 0 |a Environmental policy  |z Great Britain. 
710 2 |a Great Britain  |b Department of the Environment. 
852 |a INST  |b LESVOS  |e 19960704  |h 363.700941 THI  |p 005100006545  |q 005100006545  |t BK  |y 0 
909 |a Λ  |b 035354